Catalog

Record Details

Catalog Search



Available copies

  • 2 of 2 copies available at LARL/NWRL Consortium.

Current holds

0 current holds with 2 total copies.

Show All Copies
Location Call Number / Copy Notes Barcode Shelving Location Status Due Date
Greenbush Public Library CAR (Text) 35500006226961 Main Available -
Red Lake Falls Public Library CAR (Text) 35500006226953 Main Available -

Record details

  • ISBN: 9780593100004
  • ISBN: 059310000X
  • Physical Description: vii, 244 pages ; 22 cm.
  • Edition: First edition.
  • Publisher: New York : Berkley Prime Crime, [2019]

Content descriptions

Summary, etc.:
"When a house near Lee and Joe's home goes up for ... Read More
Subject: Woodyard, Lee McKinney (Fictitious character) > Fiction.
Women detectives > Michigan > Fiction.
Murder > Investigation > Fiction.
Chocolate industry > Fiction.
House buying > Fiction.
Flipping (Real estate investment) > Fiction.
Detective and mystery stories.
Genre: Mystery fiction.
Detective and mystery fiction.
LDR 02211cam a22004458i 4500
001333685
003LARL_NWRL_CONSORTIUM
00520191107181113.0
008190220s2019 nyu 000 1 eng
010 . ‡a2019006881
020 . ‡a9780593100004 ‡q(hardcover)
020 . ‡a059310000X
035 . ‡a(OCoLC)1088600840
040 . ‡aDLC ‡beng ‡erda ‡cDLC ‡dYDX ‡dBDX ‡dUKMGB ‡dOCLCF ‡dMJ8 ‡dOCLCO ‡dOCO ‡dRB0 ‡dILC ‡dOCLCO ‡dGZD
042 . ‡apcc
08200. ‡a813/.54 ‡223
099 . ‡aMYS
1001 . ‡aCarl, JoAnna, ‡eauthor. ‡0(LARL_NWRL_CONSORTIUM)132904
24514. ‡aThe chocolate shark shenanigans ‡n#17 / ‡cJoAnna Carl.
250 . ‡aFirst edition.
264 1. ‡aNew York : ‡bBerkley Prime Crime, ‡c[2019]
264 4. ‡c℗♭2019
300 . ‡avii, 244 pages ; ‡c22 cm.
336 . ‡atext ‡btxt ‡2rdacontent
337 . ‡aunmediated ‡bn ‡2rdamedia
338 . ‡avolume ‡bnc ‡2rdacarrier
4900 . ‡aChocoholic ; ‡v17
520 . ‡a"When a house near Lee and Joe's home goes up for sale, the couple teams up with Lee's aunt and uncle, Nettie and Hogan, to buy it, remodel it, and resell it for a sweet profit. But after the owners of the house, the Baileys, accept their offer, a local developer, Richard "Spud" Dirk, suddenly swoops in with a higher one, and it seems their dreams might be snatched away. Lee, never as passionate about the plan as her husband and uncle, is anxious to get back to focusing on managing TenHuis Chocolade. But when a long-hidden gun is found behind a pipe in the Baileys' basement, she begins to suspect a mystery is afoot. And when Spud turns up dead in the Baileys' carport a few days later, it becomes clear there's something rotten at the foundation..."-- ‡cProvided by publisher.
650 0. ‡aWoodyard, Lee McKinney (Fictitious character) ‡vFiction.
650 0. ‡aWomen detectives ‡zMichigan ‡vFiction.
650 0. ‡aMurder ‡xInvestigation ‡vFiction. ‡0(LARL_NWRL_CONSORTIUM)166203
650 0. ‡aChocolate industry ‡vFiction. ‡0(LARL_NWRL_CONSORTIUM)171394
650 0. ‡aHouse buying ‡vFiction.
650 0. ‡aFlipping (Real estate investment) ‡vFiction.
650 0. ‡aDetective and mystery stories. ‡0(LARL_NWRL_CONSORTIUM)18458
655 7. ‡aMystery fiction. ‡2gsafd
655 7. ‡aDetective and mystery fiction. ‡2lcgft
901 . ‡a333685 ‡b ‡c333685 ‡tbiblio

Additional Resources